NBA: Lowest Scoring Teams' Top 5 Scorers: 2000s - Statistics

General Stats
  • This quiz has been taken 54 times
  • The average score is 18 of 50
Answer Stats
Team Player PPG % Correct
'07-'08 Miami Heat Dwyane Wade 24.6
98%
'06-'07 Atlanta Hawks Joe Johnson 25.0
89%
'03-'04 Toronto Raptors Vince Carter 22.5
89%
'07-'08 Miami Heat Shaquille O'Neal 14.2
83%
'01-'02 Miami Heat Alonzo Mourning 15.7
81%
'03-'04 Toronto Raptors Alvin Williams 8.8
79%
'07-'08 Miami Heat Jason Williams 8.8
79%
'06-'07 Atlanta Hawks Marvin Williams 13.1
79%
'02-'03 Denver Nuggets Shammond Williams 9.4
79%
'04-'05 New Orleans Hornets Baron Davis 18.9
72%
'07-'08 Miami Heat Ricky Davis 13.8
72%
'08-'09 Charlotte Bobcats Gerald Wallace 16.6
68%
'06-'07 Atlanta Hawks Josh Smith 16.4
68%
'03-'04 Toronto Raptors Chris Bosh 11.5
64%
'09-'10 New Jersey Nets Brook Lopez 18.8
60%
'07-'08 Miami Heat Udonis Haslem 12.0
60%
'01-'02 Miami Heat Eddie Jones 18.3
57%
'01-'02 Miami Heat Jim Jackson 10.7
55%
'03-'04 Toronto Raptors Jalen Rose 16.2
51%
'00-'01 Chicago Bulls Elton Brand 20.1
49%
'09-'10 New Jersey Nets Devin Harris 16.9
38%
'05-'06 Portland Trail Blazers Zach Randolph 18.0
34%
'08-'09 Charlotte Bobcats Emeka Okafor 13.2
32%
'08-'09 Charlotte Bobcats Jason Richardson 18.7
30%
'02-'03 Denver Nuggets Nenê 10.5
30%
'01-'02 Miami Heat Brian Grant 9.3
28%
'02-'03 Denver Nuggets Juwan Howard 18.4
28%
'04-'05 New Orleans Hornets David Wesley 13.9
19%
'08-'09 Charlotte Bobcats Raymond Felton 14.2
19%
'04-'05 New Orleans Hornets Jamaal Magloire 11.7
13%
'09-'10 New Jersey Nets Courtney Lee 12.5
11%
'00-'01 Chicago Bulls Ron Artest 11.9
11%
'06-'07 Atlanta Hawks Zaza Pachulia 12.2
9%
'09-'10 New Jersey Nets Chris Douglas-Roberts 9.8
6%
'03-'04 Toronto Raptors Donyell Marshall 16.2
6%
'02-'03 Denver Nuggets James Posey 14.1
6%
'08-'09 Charlotte Bobcats Boris Diaw 15.1
4%
'05-'06 Portland Trail Blazers Darius Miles 14.0
4%
'06-'07 Atlanta Hawks Josh Childress 13.0
4%
'00-'01 Chicago Bulls Fred Hoiberg 9.1
2%
'00-'01 Chicago Bulls Marcus Fizer 9.5
2%
'01-'02 Miami Heat Rod Strickland 10.4
2%
'00-'01 Chicago Bulls Ron Mercer 19.7
2%
'05-'06 Portland Trail Blazers Ruben Patterson 11.4
2%
'05-'06 Portland Trail Blazers Sebastian Telfair 9.5
2%
'02-'03 Denver Nuggets Chris Whitney 9.6
0%
'04-'05 New Orleans Hornets Dan Dickau 13.2
0%
'05-'06 Portland Trail Blazers Juan Dixon 12.3
0%
'04-'05 New Orleans Hornets Lee Nailon 14.2
0%
'09-'10 New Jersey Nets Yi Jianlian 12.0
0%
No matching quizzes found
Score Distribution
Percent of People with Each Score
Percentile by Number Answered
Your Score History
You have not taken this quiz